Welcome to CU Library Online Public Access Catalogue (OPAC)

Ocular Therapeutics/ (Record no. 4110)

MARC details
000 -LEADER
fixed length control field 00482nam a22001697a 4500
005 - DATE AND TIME OF LATEST TRANSACTION
control field 20250221225012.0
008 - FIXED-LENGTH DATA ELEMENTS--GENERAL INFORMATION
fixed length control field 250221b |||||||| |||| 00| 0 eng d
020 ## - INTERNATIONAL STANDARD BOOK NUMBER
International Standard Book Number 8123911343
050 ## - LIBRARY OF CONGRESS CALL NUMBER
Classification number RE991 BIS
100 ## - MAIN ENTRY--PERSONAL NAME
Personal name Biswas, N. R.
245 ## - TITLE STATEMENT
Title Ocular Therapeutics/
Statement of responsibility, etc. N. R. Biswas & Viney Gupta
250 ## - EDITION STATEMENT
Edition statement 2nd ed.
260 ## - PUBLICATION, DISTRIBUTION, ETC.
Place of publication, distribution, etc. New Delhi
Name of publisher, distributor, etc. CBS Publishers & Distributors
Date of publication, distribution, etc. 2004
300 ## - PHYSICAL DESCRIPTION
Extent xii. 171p.
Other physical details some color
Dimensions 22.5cm
700 ## - ADDED ENTRY--PERSONAL NAME
Personal name Gupta, Viney
942 ## - ADDED ENTRY ELEMENTS (KOHA)
Source of classification or shelving scheme Library of Congress Classification
Koha item type Books
Edition 2nd ed.
Suppress in OPAC No
999 ## -
-- 4110
-- 4110
Holdings
Withdrawn status Lost status Source of classification or shelving scheme Damaged status Not for loan Collection Home library Current library Shelving location Date acquired Total checkouts Full call number Barcode Date last seen Copy number Price effective from Koha item type
    Library of Congress Classification     Non-fiction Science Library (Miotso) Science Library (Miotso) General stacks 02/21/2025   RE991 BIS SLM00003604 02/21/2025 1 02/21/2025 Books
    Library of Congress Classification     Non-fiction Science Library (Miotso) Science Library (Miotso) General stacks 02/21/2025   RE991 BIS SLM00003605 02/21/2025 2 02/21/2025 Books
© 2023-2024 Copyright: Central University Libraries. All Rights Reserved | Created by: Mahone Tech Office